Movies Quiz

Random Movies Quiz

Top Ten 'F Word' Films Quiz Stats

 Plays Quiz not verified by Sporcle

Challenge
Share
Tweet
Embed
Score 0/10 Timer 05:00
0 Plays Today
Hint Answer % Correct
Robert De Niro's gambling adventureCasino
86.7%
Leo's scamming the systemWolf Of Wall Street
72.3%
It's a documentary...named after the word!**** (A documentary about the word)
68.7%
JT kidnaps and kills in CaliforniaAlpha Dog
31.3%
The season of the serial killerSummer Of Sam
24.1%
Paul Walker's in the MafiaRunning Scared
15.7%
Ray Winstone's not allowed to eat in hospitalNil By Mouth
8.4%
A Girl's special birthdaySweet Sixteen
7.2%
Police, camera, action!End Of Watch
6%
Town full of duplicatesTwin Town
1.2%

You're not logged in!

Compare scores with friends on all Sporcle quizzes.
Join for Free
OR
Log In

You Might Also Like...

Show Comments

Extras

Created Aug 23, 2014ReportNominate
Tags:bomb, ten

Top Quizzes Today


Score Distribution

Your Account Isn't Verified!

In order to create a playlist on Sporcle, you need to verify the email address you used during registration. Go to your Sporcle Settings to finish the process.

Report this User

Report this user for behavior that violates our Community Guidelines.

Details: